| 000 | 01483nam a2200349 a 4500 | ||
|---|---|---|---|
| 001 | ebr10670975 | ||
| 003 | CaPaEBR | ||
| 006 | m u | ||
| 007 | cr cn||||||||| | ||
| 008 | 090602s2010 nyuad sb 001 0 eng d | ||
| 010 | _z 2009021733 | ||
| 020 | _z9781607415879 (hardcover) | ||
| 020 | _z1607415879 (hardcover) | ||
| 020 | _z9781613245262 (e-book) | ||
| 040 |
_aCaPaEBR _cCaPaEBR |
||
| 035 | _a(OCoLC)740435890 | ||
| 043 | _ad------ | ||
| 050 | 1 | 4 |
_aRA643.8 _b.L46 2010eb |
| 082 | 0 | 4 |
_a362.196/97920091724 _222 |
| 100 | 1 | _aLeoni, Patrick. | |
| 245 | 1 | 0 |
_aEconomic challenges in the fight against HIV/AIDS _h[electronic resource] / _cPatrick L. Leoni. |
| 260 |
_aNew York : _bNova Science Publishers, _cc2010. |
||
| 300 |
_axi, 196 p. : _bill. (some col.) |
||
| 504 | _aIncludes bibliographical references and index. | ||
| 505 | 0 | _apt. 1. General introduction -- pt. 2. Specific challenges in developing countries -- pt. 3. Economic issues in developed countries. | |
| 533 |
_aElectronic reproduction. _bPalo Alto, Calif. : _cebrary, _d2013. _nAvailable via World Wide Web. _nAccess may be limited to ebrary affiliated libraries. |
||
| 650 | 0 |
_aAIDS (Disease) _xEconomic aspects. |
|
| 650 | 0 |
_aAIDS (Disease) _xEconomic aspects _zDeveloping countries. |
|
| 655 | 7 |
_aElectronic books. _2local |
|
| 710 | 2 | _aebrary, Inc. | |
| 856 | 4 | 0 |
_uhttp://site.ebrary.com/lib/rucke/Doc?id=10670975 _zAn electronic book accessible through the World Wide Web; click to view |
| 999 |
_c161948 _d161948 |
||